| Tag |
First Indicator |
Second Indicator |
Subfields |
| LEADER |
00000cam a22000008a 4500 |
| 001 |
in00004492913 |
| 005 |
20191203082052.0 |
| 008 |
010112s2002 paua b 001 0 eng |
| 010 |
|
|
|a 2001018404
|
| 015 |
|
|
|a GBA1-V3220
|
| 019 |
|
|
|a 48066335
|
| 020 |
|
|
|a 0721680011
|
| 035 |
|
|
|a (OCoLC)ocm45784246
|
| 035 |
|
|
|z (UtOrBLW)30725
|
| 035 |
|
|
|a 45854
|
| 040 |
|
|
|a DLC
|c DLC
|d VET
|d UKM
|d UtOrBLW
|
| 042 |
|
|
|a pcc
|
| 049 |
|
|
|a TMVM
|c 1
|
| 050 |
0 |
0 |
|a RC46
|b .T327 2001
|
| 082 |
0 |
0 |
|a 610
|2 21
|
| 096 |
|
|
|a WB 110
|b T355 2002
|
| 245 |
0 |
0 |
|a Textbook of family practice /
|c [edited by] Robert E. Rakel.
|
| 250 |
|
|
|a Sixth edition.
|
| 264 |
|
1 |
|a Philadelphia, PA :
|b Saunders,
|c [2002]
|
| 264 |
|
4 |
|c ©2002
|
| 300 |
|
|
|a xxi, 1725 pages :
|b illustrations ;
|c 29 cm.
|
| 336 |
|
|
|a text
|2 rdacontent
|b txt
|
| 337 |
|
|
|a unmediated
|2 rdamedia
|
| 338 |
|
|
|a volume
|2 rdacarrier
|b nc
|
| 504 |
|
|
|a Includes bibliographical references and index.
|
| 505 |
2 |
|
|a Principles of family practice -- Family medicine in the community -- Communication in family medicine -- Practice of family medicine -- Management of the practice
|
| 650 |
|
2 |
|a Family Practice.
|
| 700 |
1 |
|
|a Rakel, Robert E.
|
| 948 |
|
|
|a Retention : keep latest 2 eds. only ; 1 in ref., 1 in book stacks.
|
| 999 |
|
|
|a MARS
|
| 999 |
f |
f |
|s 95277759-f059-390a-84f3-97c7335e7b0e
|i 5dbfe527-5554-370d-ad38-f460222046a6
|t 0
|
| 952 |
f |
f |
|p ric
|a Texas A&M University
|b Rellis Campus
|c Joint Library Facility
|d Remote Storage
|t 0
|e WB 110 T355 2002
|h National Library of Medicine classification
|i unmediated -- volume
|m 3238901697016
|
| 998 |
f |
f |
|a WB 110 T355 2002
|t 0
|l Remote Storage
|